Konsolidácia vo verejnej správe SR so zameraním na konsolidáciu v samospráve

Problematika zabezpečenia plnenia úloh účtovníkov vo verejnej správe SR. Charakteristika nových povinností vo verejnej správe, a to zostavovanie konsolidovaných účtovných závierok, definovanie dcérskych účtovných jednotiek. Metódy konsolidácie. Popis konsolidácie v samospráve (miest a obcí) na konkr...

Full description

Saved in:
Bibliographic Details
Main Author: Hudáková Stašová, Lenka
Format: Book Chapter
Language:Slovak
Subjects:
Tags: Add Tag
No Tags, Be the first to tag this record!

MARC

LEADER 00000nla$a2200000$$$4500
001 0124809
005 20220718115342.3
041 0 |a slo 
044 |a CZ 
245 1 0 |a Konsolidácia vo verejnej správe SR so zameraním na konsolidáciu v samospráve  |c Lenka Hudáková Stašová 
520 |a Problematika zabezpečenia plnenia úloh účtovníkov vo verejnej správe SR. Charakteristika nových povinností vo verejnej správe, a to zostavovanie konsolidovaných účtovných závierok, definovanie dcérskych účtovných jednotiek. Metódy konsolidácie. Popis konsolidácie v samospráve (miest a obcí) na konkrétnych príkladoch. 
610 2 0 |a samospráva 
610 2 0 |a závierka účtovná konsolidovaná 
610 2 0 |a mestá 
610 2 0 |a obce 
610 2 0 |a správa štátna 
610 2 0 |a Slovensko 
610 2 0 |a metódy účtovné 
100 1 |a Hudáková Stašová, Lenka